000 00380nam a2200133Ia 4500
008 151001s9999||||xx |||||||||||||| ||und||
100 _aवि वि बोकील
245 _aआमची आयुधे आमचे राज्य
250 _a1
260 _bललित साहित्य प्रकाशन
260 _c1959
300 _a136
365 _b8
999 _c950210
_d950207